书目信息 |
| 题名: |
神经内镜经鼻中央颅底解剖图谱
|
|
| 作者: | 王任直 著 | |
| 分册: | ||
| 出版信息: | 北京 人民卫生出版社 2011.12 |
|
| 页数: | 10, 70页 | |
| 开本: | 26cm | |
| 丛书名: | ||
| 单 册: | ||
| 中图分类: | R651.04-64 | |
| 科图分类: | ||
| 主题词: | 社经外科学--疾病--内窥镜检--颅底--解剖学--图谱 , 社经外科学--疾病--内窥镜检--颅底--外科学--图谱 | |
| 电子资源: | ||
| ISBN: | 978-7-117-14836-8 | |
| 000 | 01373nam0 2200253 45 | |
| 001 | 1359719265 | |
| 005 | 20130529085849.90 | |
| 010 | @a978-7-117-14836-8@dCNY45.00 | |
| 100 | @a20130513d2011 em y0chiy0121 ea | |
| 101 | 0 | @achi |
| 102 | @aCN@b110000 | |
| 105 | @aa z 000yy | |
| 106 | @ar | |
| 200 | 1 | @a神经内镜经鼻中央颅底解剖图谱@AShen Jing Nei Jing Jing Bi Zhong Yang Lu Di Jie Pou Tu Pu@f著者王任直 ... [等]@FZhu Zhe Wang Ren Zhi ... [ Deng ] |
| 210 | @a北京@c人民卫生出版社@d2011.12 | |
| 215 | @a10, 70页@c彩图@d26cm | |
| 304 | @a题名页题: 著者王任直, Manfred Tschabitscher, 邓侃, 姚勇, 冯铭, 康军, 魏宇魁 | |
| 330 | @a本书内容包括: 神经外科内镜简介、鼻腔的解剖、鼻腔概述、中鼻道与后鼻孔、蝶腭孔与蝶腭动脉、蝶窦的解剖、蝶骨、蝶骨前面观、蝶骨上面观、蝶骨下面、侧面观、蝶窦开口和蝶筛隐窝、蝶窦开口位置示意图及不同形态蝶窦开口、神经内镜下(0°, 直径4mm)蝶窦开口和蝶筛隐窝、神经内镜下(0°, 直径4mm)寻找蝶窦开口、蝶窦、蝶窦分型示意图、甲介型蝶窦、鞍前型蝶窦、鞍型蝶窦、鞍枕型蝶窦、经鼻鞍区及海绵窦解剖、垂体及周围结构、神经内镜下(0°, 直径4mm)逐层解剖并显示垂体、垂体及其周围的解剖关系, 等等。 | |
| 606 | 0 | @a社经外科学@x疾病@x内窥镜检@x颅底@x解剖学@j图谱 |
| 606 | 0 | @a社经外科学@x疾病@x内窥镜检@x颅底@x外科学@j图谱 |
| 690 | @aR651.04-64@v5 | |
| 701 | 0 | @a王任直@AWang Ren Zhi@4著 |
| 801 | @aCN@bTANGWEI@c20130522 | |
| 905 | @b0833532-35@dR651.04-64@e43@f4 | |
| 神经内镜经鼻中央颅底解剖图谱/著者王任直 ... [等].-北京:人民卫生出版社,2011.12 |
| 10, 70页:彩图;26cm |
| ISBN 978-7-117-14836-8:CNY45.00 |
| 本书内容包括: 神经外科内镜简介、鼻腔的解剖、鼻腔概述、中鼻道与后鼻孔、蝶腭孔与蝶腭动脉、蝶窦的解剖、蝶骨、蝶骨前面观、蝶骨上面观、蝶骨下面、侧面观、蝶窦开口和蝶筛隐窝、蝶窦开口位置示意图及不同形态蝶窦开口、神经内镜下(0°, 直径4mm)蝶窦开口和蝶筛隐窝、神经内镜下(0°, 直径4mm)寻找蝶窦开口、蝶窦、蝶窦分型示意图、甲介型蝶窦、鞍前型蝶窦、鞍型蝶窦、鞍枕型蝶窦、经鼻鞍区及海绵窦解剖、垂体及周围结构、神经内镜下(0°, 直径4mm)逐层解剖并显示垂体、垂体及其周围的解剖关系, 等等。 |
| ● |
| 相关链接 |
|
|
|
|
正题名:神经内镜经鼻中央颅底解剖图谱
索取号:R651.04-64/43
 
预约/预借
| 序号 | 登录号 | 条形码 | 馆藏地/架位号 | 状态 | 备注 |
| 1 | 0833532 | 208335327 | 第二样本阅览室/ [索取号:R651.04-64/43] | 在馆 | |
| 2 | 0833533 | 208335336 | 第三借阅区/ [索取号:R651.04-64/43] | 在馆 | |
| 3 | 0833534 | 208335345 | 第三借阅区/ [索取号:R651.04-64/43] | 在馆 | |
| 4 | 0833535 | 208335354 | 第三借阅区/ [索取号:R651.04-64/43] | 在馆 |